Statystyki dla Państwa świata kończące się na literę "A"

Kliknij tutaj aby rozwiązać quiz!

Ogólne statystyki

  • Ten quiz został rozwiązany 2 926 razy
    (2 918 od ostatniego zresetowania)
  • Średni wynik to 61 z 101

Statystyki odpowiedzi

KontynentNazwa państwa% Poprawnych
EuropaPolska
96%
Azja/EuropaRosja
90%
EuropaFrancja
86%
EuropaHiszpania
86%
Australia i OceaniaAustralia
84%
Ameryka PółnocnaKanada
83%
EuropaPortugalia
83%
Ameryka PołudniowaArgentyna
82%
EuropaSzwecja
82%
EuropaUkraina
82%
Ameryka PołudniowaBrazylia
81%
EuropaFinlandia
81%
EuropaLitwa
80%
EuropaNorwegia
80%
EuropaAustria
79%
EuropaEstonia
79%
EuropaAlbania
78%
EuropaŁotwa
78%
EuropaAndora
77%
AzjaJaponia
77%
EuropaSłowacja
77%
EuropaBelgia
76%
EuropaDania
76%
EuropaWielka Brytania
76%
EuropaGrecja
75%
EuropaHolandia
75%
EuropaIrlandia
74%
EuropaIslandia
73%
EuropaChorwacja
72%
EuropaSłowenia
72%
EuropaTurcja
72%
EuropaSzwajcaria
71%
EuropaRumunia
69%
AfrykaAlgieria
68%
EuropaBułgaria
68%
AzjaKorea Południowa
68%
AzjaArabia Saudyjska
67%
EuropaBośnia i Hercegowina
67%
AzjaKorea Północna
67%
EuropaSerbia
67%
Ameryka PołudniowaKolumbia
65%
AzjaArmenia
64%
EuropaMołdawia
64%
Australia i OceaniaNowa Zelandia
64%
EuropaMacedonia Północna
63%
Ameryka PołudniowaBoliwia
62%
EuropaCzarnogóra
62%
AzjaIndonezja
62%
EuropaMalta
61%
Ameryka PółnocnaDominika
60%
AzjaGruzja
60%
AfrykaNigeria
60%
AfrykaAngola
59%
Ameryka PółnocnaKuba
59%
Ameryka PołudniowaWenezuela
59%
Ameryka PółnocnaDominikana
58%
AzjaMongolia
57%
AfrykaLibia
56%
AfrykaGwinea
55%
AfrykaZambia
55%
AfrykaKenia
54%
Ameryka PółnocnaKostaryka
54%
AfrykaTunezja
54%
AfrykaEtiopia
53%
AzjaMalezja
53%
Ameryka PółnocnaJamajka
52%
Ameryka PółnocnaPanama
52%
AfrykaDemokratyczna Republika Konga
51%
AzjaTajlandia
51%
Ameryka PołudniowaGujana
50%
AfrykaSomalia
49%
Ameryka PółnocnaGwatemala
48%
AfrykaGwinea Równikowa
47%
AzjaJordania
47%
AfrykaTanzania
47%
AfrykaGhana
46%
Ameryka PółnocnaAntigua i Barbuda
45%
AfrykaBotswana
45%
Australia i OceaniaPapua-Nowa Gwinea
45%
AfrykaGambia
44%
AzjaKambodża
44%
AzjaSyria
44%
AfrykaErytrea
43%
Ameryka PółnocnaNikaragua
43%
AfrykaMauretania
42%
Australia i OceaniaMikronezja
42%
AfrykaNamibia
42%
AfrykaUganda
42%
AzjaSri Lanka
41%
Australia i OceaniaWyspy Marshalla
41%
AfrykaLiberia
39%
AfrykaRwanda
39%
Australia i OceaniaWyspy Salomona
39%
AzjaMjanma
38%
Ameryka PółnocnaGrenada
37%
AfrykaRepublika Środkowoafrykańska
37%
AfrykaRepublika Zielonego Przylądka
37%
Australia i OceaniaSamoa
35%
AfrykaWyspy Świętego Tomasza i Książęca
35%
Australia i OceaniaTonga
34%
Ameryka PółnocnaSaint Lucia
32%

Rozkład punktacji

Percentyl według liczby udzielonych odpowiedzi

Procent ludzi z każdym wynikiem

Twoja historia wyników

Nie rozwiązałeś tego quizu od ostatniego zresetowania